| 000 | 00713nam a2200229 a 4500 | ||
|---|---|---|---|
| 999 |
_c2194 _d2194 |
||
| 001 | 2194 | ||
| 003 | BD-JhCC | ||
| 005 | 20171030193140.0 | ||
| 008 | 171030s1995 bg |||| ||a| 000 0 ben d | ||
| 020 | _a9840732854 | ||
| 035 | _a(BD-JhCC) 2194 | ||
| 040 |
_aBD-JhCC _dBD-JhCC |
||
| 041 | _aben | ||
| 082 |
_a782.42162 _bSAR 1995 |
||
| 100 | _aসরকার, আবদুল ওয়াহাব | ||
| 245 |
_aবাংলাদেশের লোকগীতি / _cআবদুল ওয়াহাব সরকার |
||
| 260 |
_aঢাকা : _bবাংলা একাডেমী ঢাকা , _c1995 |
||
| 300 |
_a47 p .: _c22 cm . |
||
| 650 | _aFolk song | ||
| 942 |
_2ddc _cBK |
||